The burning glass : (Record no. 200468133)

MARC details
000 -LEADER
fixed length control field 01604cam a2200385 i 4500
001 - CONTROL NUMBER
control field 200468133
003 - CONTROL NUMBER IDENTIFIER
control field TR-AnTOB
005 - DATE AND TIME OF LATEST TRANSACTION
control field 20260416084913.0
007 - PHYSICAL DESCRIPTION FIXED FIELD--GENERAL INFORMATION
fixed length control field ta
008 - FIXED-LENGTH DATA ELEMENTS--GENERAL INFORMATION
fixed length control field 260416r19621954enk 000 d eng
010 ## - LIBRARY OF CONGRESS CONTROL NUMBER
LC control number 54001356
035 ## - SYSTEM CONTROL NUMBER
System control number (CLU)2348882-ucladb-Voyager
System control number (OCoLC)02031899
Canceled/invalid control number (OCoLC)7009640
-- (OCoLC)277225669
-- (OCoLC)1037476404
System control number (OCoLC)ocm02031899
System control number (EXLNZ-01UCS_NETWORK)9912951602606531
Canceled/invalid control number 08-AKO-8064
System control number (TR-AnTOB)200468133
040 ## - CATALOGING SOURCE
Original cataloging agency DLC
Language of cataloging eng
Description conventions rda
Transcribing agency ABC
Modifying agency OCL
-- VA@
-- UBA
-- OCLCQ
-- NLGGC
-- OCLCG
-- HIL
-- ZWZ
-- U2Q
-- EUX
-- OCLCF
-- OCLCQ
-- OCLCO
-- DEBBG
-- DHA
-- J9U
-- L2U
-- NTE
-- OCLCO
-- OCLCQ
-- OCLCO
-- OCLCL
-- OCLCQ
-- OCLCL
-- TR-AnTOB
041 0# - LANGUAGE CODE
Language code of text/sound track or separate title İngilizce
050 04 - LIBRARY OF CONGRESS CALL NUMBER
Classification number PR6025.O645
Item number B8 1962
090 ## - LOCALLY ASSIGNED LC-TYPE CALL NUMBER (OCLC); LOCAL CALL NUMBER (RLIN)
Classification number (OCLC) (R) ; Classification number, CALL (RLIN) (NR) PR6025.O645
Local cutter number (OCLC) ; Book number/undivided call number, CALL (RLIN) B8 1962
100 1# - MAIN ENTRY--PERSONAL NAME
Personal name Morgan, Charles,
Dates associated with a name 1894-1958
Relator term author
Relator code aut
Authority record control number or standard number http://id.loc.gov/authorities/names/n50005816
9 (RLIN) 153695
245 14 - TITLE STATEMENT
Title The burning glass :
Remainder of title a play /
Statement of responsibility, etc. by Charles Morgan ; with a preface, On power over nature.
264 #1 - PRODUCTION, PUBLICATION, DISTRIBUTION, MANUFACTURE, AND COPYRIGHT NOTICE
Place of production, publication, distribution, manufacture London :
Name of producer, publisher, distributor, manufacturer Macmillan & Co Ltd ;
Place of production, publication, distribution, manufacture New York :
Name of producer, publisher, distributor, manufacturer St. Martin's Press,
Date of production, publication, distribution, manufacture, or copyright notice 1962.
300 ## - PHYSICAL DESCRIPTION
Extent xxviii pages, 1 leaf, 155, [1] pages ;
Dimensions 22 cm
336 ## - CONTENT TYPE
Content type term text
Content type code txt
Source rdacontent
337 ## - MEDIA TYPE
Media type term unmediated
Media type code n
Source rdamedia
338 ## - CARRIER TYPE
Carrier type term volume
Carrier type code nc
Source rdacarrier
520 ## - SUMMARY, ETC.
Summary, etc. Drama dealing with the social and moral obligations of scientists developing weapons of total destruction.
650 #0 - SUBJECT ADDED ENTRY--TOPICAL TERM
Topical term or geographic name entry element English drama
Authority record control number or standard number http://id.loc.gov/authorities/subjects/sh85043338
9 (RLIN) 23589
655 #7 - INDEX TERM--GENRE/FORM
Genre/form data or focus term Drama
Source of term lcgft
9 (RLIN) 153046
942 ## - ADDED ENTRY ELEMENTS (KOHA)
Source of classification or shelving scheme Library of Congress Classification
Koha item type Book
Holdings
Withdrawn status Lost status Source of classification or shelving scheme Damaged status Not for loan Collection code Home library Current library Shelving location Date acquired Source of acquisition Inventory number Total Checkouts Full call number Barcode Date last seen Copy number Date shelved Koha item type Public note
    Library of Congress Classification Kullanılmış / Used Ödünç Verilemez-Kurumiçi kullanım / Not for loan-For inhouse use Genel Koleksiyon Tıp Fakültesi Medikal Kütüphane Tıp Fakültesi Medikal Kütüphane Genel Koleksiyon / Main Collection 18/03/2026 Bağış / Donation İDE   PR6025.O645 B8 1962 TıpFaK TF03119 16/04/2026 1 16/04/2026 Book Donated by Prof. Dr. Şükrü Cin
Devinim Yazılım Eğitim Danışmanlık tarafından Koha'nın orjinal sürümü uyarlanarak geliştirilip kurulmuştur.